000 00680nam a2200205 i 4500
001 42706
003 ES-MaACL
007 t|
008 030313s1985 sp ||||1| spa d
020 _a84-7476-089-5
100 1 _aCastillo Vera, Pilar del.
_936772
245 1 3 _aLa financiación de partidos y candidatos en las democracias occidentales /
_cpor Pilar del Castillo Vera.
250 _a1ª ed.
260 _aMadrid :
_bCentro de Investigaciones Sociológicas,
_c1985.
300 _aXIII, 306 p. ;
_c21 cm.
504 _aBibliografía: p. 283-305.
852 _aES-MaACL
_jL-8602
_bR.108979
852 _aES-MaACL
_jL-8758
_bR.109242
852 _aES-MaACL
_jG-15250
_bR.115163
999 _c42706
_d42706